Teorías de la criminalidad: una confrontación crítica (Registro nro. 6252)

Detalles MARC
000 -Cabecera
Campo de control de longitud fija 00677aam a2200253 4500
005 - Fecha y hora de la última transacción
Campo de control 20260223185933.0
008 - Elementos de longitud fija--Información general
Campo de control de longitud fija 150618b2009 xxu||||| |||| 00| 0 spa d
020 ## - International Standard Book Number
Número Internacional Estándar del Libro (ISBN) 9789682309588
041 ## - Idioma
Código de idioma Español
082 ## - Clasificación Decimal Dewey
Número de clasificación 364 L232t
100 ## - Entrada principal--Autor personal
Nombre personal Lamnek, Siegfried
9 (RLIN) 36741
245 ## - Título propiamente dicho
Título Teorías de la criminalidad: una confrontación crítica
260 ## - Pie de imprenta
Lugar de publicación, distribución, etc. México
260 ## - Pie de imprenta
Nombre del editor, distribuidor, etc. Siglo XXI
260 ## - Pie de imprenta
Fecha de publicación, distribución, etc. 2009
300 ## - Descripción física
Extensión 242 páginas
490 ## - Serie
Título de la Serie Investigación Criminal
650 ## - Materia general
Temática (materia general) SOCIOLOGIÍA CRIMINAL
650 ## - Materia general
Temática (materia general) CRIMINOLOGÍA
650 ## - Materia general
Temática (materia general) TEORÍAS DEL CONFRONTAMIENTO DESVIADO
650 ## - Materia general
Temática (materia general) TEORÍA SOCIOLÓGICA
650 ## - Materia general
Temática (materia general) PREVENCIÓN
942 ## - Punto de acceso adicional KOHA
Tipo de ítem KOHA Libro
Fuente del sistema de clasificación o colocación Dewey Decimal Classification
Existencias
Signatura completa Código de barras Programa Académico Tipo de ítem
364 L232t 16370 Investigación Criminal Libro